Radom - quiz wielokrotnego wyboru - Statystyki

Ogólne statystyki
  • Ten quiz został rozwiązany 573 razy
    564 od ostatniego zresetowania
  • Średni wynik to 6 z 10
Statystyki odpowiedzi
Zagadnienie Odpowiedź % Poprawnych
Od którego z podanych miast Radom ma większą powierzchnię? Od Paryża
78%
Jak nazywa się firma produkująca napoje, której butelki wzięła chytra baba z Radomia, bohaterka internetowego mema? Zbyszko
77%
Jakie są barwy klubowe Radomiaka Radom? Zielono-białe
77%
Który z poniższych powiatów NIE graniczy z powiatem radomskim? opoczyński
58%
Które z poniższych wydarzeń kulturalno-rozrywkowych NIE istnieje? Radom Reggae Festiwal
57%
Która konstytucja została uchwalona w Radomiu? Nihil novi
53%
Które zdjęcie przedstawia Radom?
52%
Który król Polski nadał Radomiowi prawa miejskie? Kazimierz Wielki
47%
Jakie jest hasło promocyjne Radomia? Radom - Siła w precyzji
47%
W którym roku lokalny klub piłkarski Radomiak Radom awansował do Ekstraklasy po raz pierwszy od 36 lat? 2021
41%
Nie znaleziono quizów pasujących do podanych kryteriów
Rozkład punktacji
Procent ludzi z każdym wynikiem
Percentyl według liczby udzielonych odpowiedzi
Twoja historia wyników
Nie rozwiązałeś tego quizu od ostatniego zresetowania